000 00599nam a2200205Ia 4500
005 20250326144207.0
008 250326s9999 xx 000 0 und d
020 _a81-88929-00-X
037 _aTextbook
040 _aFMSL
_beng
_cFMSL
041 _aeng
_2eng
084 _aT(X:8) P3
_qFMSL
100 _aJain Rajesh
245 0 _aGods are meeting and you are invited-A practiclal guide to thinking like a winner
_cJain Rajesh
260 _aIndia
_bIndia, Janus advisory service
_c2003
300 _a287p
365 _b295
942 _cTB
_hT(X:8) P3
999 _c1302739
_d1302739